02482nam a2200277Ia 45000010005000000030009000050050017000140070003000310080027000340200015000610400030000760820026001061000052001322450118001842500032003022640078003343000022004125000071004345051435005055860062019406000074020026500017020766500025020936500034021187100052021524924DO-SdBPM20251121080414.0ta140604s2003 dr 000 0spad a9993495921 aDO-SdBPMbspacBPMSUerda 4a193.9bB828c 20032221 aBrea Franco, Luis O.d1946 - 2020eautor 4aut.10aClaves para una lectura de Nietzsche : bprolegómenos a una interpretación de su obra /cBrea Franco, Luis O. a2a ed. revisada y corregida aSanto Domingo :bAcademia de Ciencias de la República Dominicana,c2003 a540 p. ;c21 cm.  aIncluye datos biográficos del autor en la solapa de la cubierta 0 anidos: Consideraciones preliminares, 13.-- Planteamiento del problema, 45.-- Importancia de Nietzsche y dificultades de su hermenéutica, 47.-- La vida de Nietzsche es su pensamiento,55.-- Sobre el estilo en Nietzsche, 64.-- Apertura de una vía hacia Nietzsche, 69.-- El horizonte del comprender: idea de perspectiva, 97.-- ¿Qué es interpretación, 131.-- Otras ideas directivas del pensamiento de Nietzsche, 173.-- Idea de la voluntad de poderío,177.-- Ontología: ser y devenir, 187.-- El eterno retorno de lo mismo, 199.-- Genealogía: acción y reacción de las fuerzas, 227.-- Crítica de la ciencia moderna, 239.-- Individuo, sociedad y Estado,267.-- La locura de Nietzsche y el destino de la obra, 279.-- La locura de Nietzsche: manifestación, orígenes y consecuencias de la enfermedad para la obra, 281.-- Nietzsche como campo de batalla, 306.-- La recepción de la obra en Alemania, 323.-- Las ediciones de la obra por el ¨Nietzsche-Archiv¨ y la edición crítica Colli-Montinari, 335.-- El caso de la ¨Voluntad de poderío¨, 350.-- Conclusión metodológica: planteamiento para una lectura de la obra de Nietzsche, 375.-- Anexos. Currículo para Basilea y Vita para G. Brandes, 413.-- Bibliografía de Nietzsche, 417.-- Relación de las ediciones de las obras de Nietzsche en alemán, 439.-- Cronología de Friedrich Nietzsche, 449.-- Bibliografía utilizada en la investigación, 461. aPremio Nacional de Ensayo Pedro Henríquez Ureña, 200414aNietzsche, Friedrich Wilhelmd1844-1900xCrítica e interpretación 7aMetafísica 7aFilosofía alemana. 7aDiosxAspectos filosóficos.1 aRepública Dominicana.bMinisterio de Cultura